000
00329nam a22001457a 4500
003
OSt
005
20211223151430.0
008
211223b |||||||| |||| 00| 0 eng d
020
_a
0072463651
040
_c
HU
082
_2
2nd
_a
004.6SPO2000
100
_a
Spohn
_9
24719
245
_a
Data Network Design
942
_2
ddc
_c
BOOKS
_n
0
999
_c
23792
_d
23792